[Event "PRVA LIGA CS 2020"]
[Site "Bajina basta"]
[Date "2020.10.13"]
[Round "6.6"]
[White "Zivkovic, Sava"]
[Black "Jovanovic, Dusan D"]
[Result "0-1"]
[WhiteElo "2297"]
[BlackElo "2412"]
[PlyCount "82"]
[EventDate "2020.10.10"]
[WhiteTeam "KRUSIK - Valjevo"]
[BlackTeam "RUDAR - Kostolac"]

1. e4 e5 2. Nf3 Nc6 3. Bb5 a6 4. Ba4 Nf6 5. O-O b5 6. Bb3 Bc5 7. c3 d6 8. d4
Bb6 9. h3 O-O 10. Bg5 h6 11. Bh4 Bb7 12. Re1 Qe7 13. Nbd2 Nb8 14. Nf1 Nbd7 15.
Ng3 Rfe8 16. Qd2 Qf8 17. Bxf6 Nxf6 18. Nh4 Kh7 19. Bc2 c5 20. d5 c4 21. Kh1 Bd8
22. f4 Nh5 23. Nxh5 Bxh4 24. g3 Bd8 25. g4 g6 26. Ng3 exf4 27. Qxf4 Re5 28. Rf1
Kg7 29. Ne2 Bxd5 30. Rad1 Bg5 31. Qf3 Be6 32. Nd4 Bd7 33. Qg3 Be7 34. Nf3 Re6
35. Nd4 Rf6 36. e5 dxe5 37. Qxe5 Re8 38. Qd5 Bc8 39. Rde1 Rxf1+ 40. Rxf1 Bf6
41. Qc6 Qe7 0-1

[Event "PRVA LIGA CS 2020"]
[Site "Bajina basta"]
[Date "2020.10.13"]
[Round "6.6"]
[White "Ivanovic, Marko"]
[Black "Ivanovic, Dragutin"]
[Result "0-1"]
[WhiteElo "2277"]
[BlackElo "2307"]
[PlyCount "52"]
[EventDate "2020.10.10"]
[WhiteTeam "RUDAR - Kostolac"]
[BlackTeam "KRUSIK - Valjevo"]

1. e4 g6 2. d4 c6 3. Nc3 Bg7 4. Nf3 d5 5. h3 Nh6 6. exd5 cxd5 7. Bf4 Nc6 8. Qd2
Nf5 9. O-O-O O-O 10. g4 Nfxd4 11. Nxd4 Nxd4 12. Qe3 e5 13. Bxe5 Re8 14. f4 Nc6
15. Rxd5 Qe7 16. Bb5 f6 17. Bxc6 bxc6 18. Rc5 fxe5 19. Re1 Bd7 20. fxe5 Bh6 21.
Qxh6 Qxc5 22. Qf4 Rf8 23. Qg5 Rf2 24. h4 Be6 25. Kb1 Raf8 26. Ka1 Rf1 0-1

[Event "PRVA LIGA CS 2020"]
[Site "Bajina basta"]
[Date "2020.10.13"]
[Round "6.6"]
[White "Zivanovic, Bojan"]
[Black "Djordjevic, Nebojsa"]
[Result "0-1"]
[WhiteElo "2159"]
[BlackElo "2255"]
[PlyCount "130"]
[EventDate "2020.10.10"]
[WhiteTeam "KRUSIK - Valjevo"]
[BlackTeam "RUDAR - Kostolac"]

1. e4 d6 2. d4 Nf6 3. Nc3 c6 4. f4 g6 5. Nf3 Bg7 6. Bd3 O-O 7. O-O Bg4 8. h3
Bxf3 9. Qxf3 Qb6 10. Ne2 c5 11. e5 Nfd7 12. Be3 Qc7 13. exd6 exd6 14. c3 Nc6
15. dxc5 dxc5 16. Qf2 b6 17. Ng3 f5 18. Rfe1 Nf6 19. Nf1 Rad8 20. Rad1 Rfe8 21.
Nh2 Ne4 22. Qf3 Na5 23. g4 c4 24. Bc2 Rxd1 25. Rxd1 Nb7 26. gxf5 gxf5 27. Qh5
Nf6 28. Qf3 Nd6 29. Bd4 Nfe4 30. Bxe4 Bxd4+ 31. Rxd4 Nxe4 32. Qh5 Qg7+ 33. Ng4
Rf8 34. Kh2 Kh8 35. Qh6 Qxh6 36. Nxh6 Nc5 37. Rd5 Nd3 38. b3 cxb3 39. axb3 Nxf4
40. Rxf5 Kg7 41. Rxf8 Kxf8 42. Nf5 Ne2 43. c4 a5 44. Ne3 Nd4 45. Nd5 Nxb3 46.
Nxb6 Nc5 47. Nd5 a4 48. Nc3 a3 49. Kg2 Na4 50. Na2 Ke7 51. Kf3 Kd6 52. Ke3 Kc5
53. Kd3 h6 54. h4 h5 55. Nc3 Nb2+ 56. Kc2 Kxc4 57. Ne4 Kb4 58. Nd2 Nc4 59. Nxc4
Kxc4 60. Kb1 Kd4 61. Ka2 Ke4 62. Kxa3 Kf4 63. Kb3 Kg4 64. Kc3 Kxh4 65. Kd3 Kg3
0-1

[Event "PRVA LIGA CS 2020"]
[Site "Bajina basta"]
[Date "2020.10.13"]
[Round "6.6"]
[White "Maksimovic, Boban"]
[Black "Jovcic, Zoran"]
[Result "1/2-1/2"]
[WhiteElo "2216"]
[BlackElo "2140"]
[PlyCount "87"]
[EventDate "2020.10.10"]
[WhiteTeam "RUDAR - Kostolac"]
[BlackTeam "KRUSIK - Valjevo"]

1. d4 Nf6 2. Nf3 d5 3. Bg5 e6 4. Nbd2 Be7 5. e3 O-O 6. Bd3 c5 7. c3 Nbd7 8. O-O
Qc7 9. Qe2 Re8 10. e4 dxe4 11. Nxe4 Nxe4 12. Qxe4 Nf8 13. Bxe7 Rxe7 14. Ne5 Rb8
15. dxc5 Qxc5 16. Qf4 Qc7 17. Qg3 f6 18. Nc4 Qxg3 19. hxg3 e5 20. Rad1 Be6 21.
Ne3 a6 22. Bc4 Bxc4 23. Nxc4 Ne6 24. Rd5 Rc8 25. Ne3 Rd8 26. Rfd1 Rxd5 27. Rxd5
Kf7 28. Rd6 Nf8 29. Rb6 Ne6 30. Nf5 Rd7 31. Rxb7 Rxb7 32. Nd6+ Ke7 33. Nxb7 Kd7
34. Kf1 Kc6 35. Na5+ Kd5 36. Nb3 f5 37. f3 h5 38. Kf2 g5 39. Nd2 Nc5 40. b3 h4
41. gxh4 gxh4 42. Ke3 Ne6 43. a4 Nf4 44. Kf2 1/2-1/2